vufinder Bibliothèque Municipale de Charleval de Provence
Se connecter

légende de Loosewood Island (La)

roman

Book Cover
Auteur principal: Alexi Zentner
D'autres auteurs: Marie-Hélène Dumas
Support: Livres
Langue: Francais
Publié: impr. 2014 J.-C. Lattès Paris
Genre: Roman
Collection: Littérature étrangère
Sujets:
Étiquettes: Ajouter
Pas de Tags !

LEADER 01660nam0a2200217 450
001 16820305
010 |a 978-2-7096-4665-9  |b br.  |d 22 € 
100 |a 20140826d2026 u u0frey01 ba 
101 1 |a fre  |c  
102 |a FR 
200 0 |a légende de Loosewood Island (La)  |e roman  |f Alexi Zentner  |g traduit de l'anglais (Etats-Unis) par Marie-Hélène Dumas 
207 1 |a   
210 |a Paris  |b 24 boulevard Saint Michel.  |c J.-C. Lattès  |d impr. 2014 
215 |a 1 vol. (374 p.)  |c couv. ill.  |d 23 cm 
225 1 |a Littérature étrangère 
330 |a La famille Kings habite sur l'île de Loosewood depuis trois cents ans. Les richesses de la mer et l'abondance des homards ont permis à toutes les générations de régner sans partage sur l'activité de la pêche. Après la disparition tragique de son petit frère, Cordelia va reprendre la couronne que lui cède son père. Partagée entre les rivalités avec ses deux soeurs, la lutte farouche qu'il lui faut mener contre les trafiquants de drogue qui transitent dans les eaux poissonneuses de l'île à quelques encablures de la terre ferme et l'amour qu'elle porte au marin de son bateau, la jeune fille doit résister aux dangers qui l'entourent et rendent son avenir incertain. Le récit formidablement réaliste et poétique est nourri des mythes qu'Alexi Zentner sait si bien susciter, comme dans son premier roman, Les Bois de Sawgamet. Il nous offre ici un conte inoubliable. 
700 0 |a Zentner  |b Alexi  |4 70 
702 0 |a Dumas  |b Marie-Hélène  |f 1948-....  |4 730 
900 |a Roman 
901 |a Accessible au prêt 
995 |a Bibliothèque  |c Bibliothèque  |f 024015396  |h 024015396  |k R ZEN  |o p  |q a  |r az  |e Bibliothèque 

Options de recherche

Historique de recherche
Recherche avancée

Trouver plus

Nouveautés

Besoin d'aide ?

Contacter un bibliothécaire